Guía de constructibilidad para proyectos hoteleros en zonas costeras
में बचाया:
| मुख्य लेखक: | |
|---|---|
| स्वरूप: | पुस्तक |
| भाषा: | Undetermined |
| प्रकाशित: |
[San José, Costa Rica]
2005
|
| विषय: | |
| टैग: |
टैग जोड़ें
कोई टैग नहीं, इस रिकॉर्ड को टैग करने वाले पहले व्यक्ति बनें!
|
MARC
| LEADER | 00000nam a2200000Ia 4500 | ||
|---|---|---|---|
| 003 | 009483 | ||
| 005 | 20221231144132.0 | ||
| 008 | 140114s2005 cr a m 000 ||und d | ||
| 040 | |c cru CEDI | ||
| 090 | |a TFG 5023 | ||
| 100 | |a Mojica Larios, Eduardo |9 6105 | ||
| 245 | |a Guía de constructibilidad para proyectos hoteleros en zonas costeras | ||
| 260 | |c 2005 |a [San José, Costa Rica] | ||
| 300 | |a v, 167, [37] hojas : ilustraciones a color | ||
| 500 | |a Tesis (licenciatura en ingeniería civil)--Universidad de Costa Rica, Facultad de Ingeniería, Escuela de Ingeniería Civil | ||
| 650 | |x HOTELES |x DISEÑOS Y PLANOS |x PROYECTOS Y PLANOS |x ADMINISTRACION DE PROYECTOS |x kARQUITECTURA Y CLIMA |x CONSTRUCTIBILIDAD (TEORIA DE CONJUNTOS) |x INVESTIGACIONES |9 6106 | ||
| 942 | |c TFG | ||
| 999 | |c 17400 |d 17400 | ||
